Terremoto/ (Record no. 3787)

MARC details
000 -LEADER
campo de control de longitud fija 01430nam a22003977a 4500
003 - IDENTIFICADOR DE NÚMERO DE CONTROL
campo de control OSt
005 - FECHA Y HORA DE LA ÚLTIMA TRANSACCIÓN
campo de control 20230531162257.0
008 - DATOS DE LONGITUD FIJA--INFORMACIÓN GENERAL
campo de control de longitud fija 221006b |||||||| |||| 00| 0 eng d
022 ## - NÚMERO INTERNACIONAL NORMALIZADO PARA PUBLICACIONES SERIADAS
Número Internacional Normalizado para Publicaciones Seriadas 978-2-940524-48-8
040 ## - FUENTE DE CATALOGACIÓN
Centro/agencia transcriptor Biblioteca Lado V
082 ## - NÚMERO DE LA CLASIFICACIÓN DECIMAL DEWEY
Número de clasificación 709.05
Número de ítem V152t
100 ## - ENTRADA PRINCIPAL--NOMBRE DE PERSONA
9 (RLIN) 840
Nombre de persona Valencia, Natalia
Término indicativo de función/relación editora
245 ## - MENCIÓN DEL TÍTULO
Título Terremoto/
Resto del título Sombras/
260 ## - PUBLICACIÓN, DISTRIBUCIÓN, ETC.
Lugar de publicación, distribución, etc. Mexico
Nombre del editor, distribuidor, etc. Museo Jumex
Fecha de publicación, distribución, etc. 2016
300 ## - DESCRIPCIÓN FÍSICA
Dimensiones 22x34cm
Extensión 61p.
366 ## - INFORMACIÓN SOBRE DISPONIBILIDAD COMERCIAL
Nota eng
366 ## - INFORMACIÓN SOBRE DISPONIBILIDAD COMERCIAL
Nota spa
490 ## - MENCIÓN DE SERIE
Mención de serie 6
Designación de volumen o secuencia 2016
505 ## - NOTA DE CONTENIDO CON FORMATO
Nota de contenido con formato Pigmentocracia en el arte contemporáneo
505 ## - NOTA DE CONTENIDO CON FORMATO
Nota de contenido con formato COMO_clube
505 ## - NOTA DE CONTENIDO CON FORMATO
Nota de contenido con formato Entrevista con las Nietas de Nono
505 ## - NOTA DE CONTENIDO CON FORMATO
Nota de contenido con formato Methode Room
505 ## - NOTA DE CONTENIDO CON FORMATO
Nota de contenido con formato Yisirihai
505 ## - NOTA DE CONTENIDO CON FORMATO
Nota de contenido con formato Conversación con los artistas de Nicaragua Raul Quintanillas, Fredman Barahona, Patricia Belli, Darling Lopez y Alejandro de la Guerra
505 ## - NOTA DE CONTENIDO CON FORMATO
Nota de contenido con formato Gramatica simple
505 ## - NOTA DE CONTENIDO CON FORMATO
Nota de contenido con formato Fernando Palma en conversación con Malachi Farrell
505 ## - NOTA DE CONTENIDO CON FORMATO
Nota de contenido con formato Alicia Herrero
505 ## - NOTA DE CONTENIDO CON FORMATO
Nota de contenido con formato Nick Vaughan & Jake Margolin
505 ## - NOTA DE CONTENIDO CON FORMATO
Nota de contenido con formato Gente de Bien: Entrevista con Franco Lolli
650 ## - PUNTO DE ACCESO ADICIONAL DE MATERIA--TÉRMINO DE MATERIA
Fuente del encabezamiento o término Tesauro de Arte & Arquitectura
Término de materia o nombre geográfico como elemento de entrada ARTE
9 (RLIN) 703
650 ## - PUNTO DE ACCESO ADICIONAL DE MATERIA--TÉRMINO DE MATERIA
Fuente del encabezamiento o término Tesauro de Arte & Arquitectura
Término de materia o nombre geográfico como elemento de entrada EXPOSICIONES
9 (RLIN) 702
650 ## - PUNTO DE ACCESO ADICIONAL DE MATERIA--TÉRMINO DE MATERIA
Fuente del encabezamiento o término Tesauro de Arte & Arquitectura
Término de materia o nombre geográfico como elemento de entrada ARTE CONTEMPORANEO
9 (RLIN) 702
650 ## - PUNTO DE ACCESO ADICIONAL DE MATERIA--TÉRMINO DE MATERIA
Fuente del encabezamiento o término Tesauro de Arte & Arquitectura
Término de materia o nombre geográfico como elemento de entrada ARTE AMERICANO
650 ## - PUNTO DE ACCESO ADICIONAL DE MATERIA--TÉRMINO DE MATERIA
Fuente del encabezamiento o término Tesauro de Arte & Arquitectura
Término de materia o nombre geográfico como elemento de entrada INGLES
942 ## - ELEMENTOS DE ENTRADA SECUNDARIOS (KOHA)
Fuente del sistema de clasificación o colocación Clasificación Decimal Dewey
Tipo de ítem Koha Libros
Parte de la signatura que corresponde a la clasificación (Parte de la clasificación) 709.05
Parte de la signatura que identifica el ejemplar (Parte del ítem) V152t
Suprimir en OPAC No
Holdings
Estatus retirado Estado de pérdida Fuente del sistema de clasificación o colocación Especificación de materiales (volumen encuadernado u otra parte) Estado de daño No para préstamo Colección Biblioteca de origen Biblioteca actual Fecha de adquisición Enumeración/cronología de publicación seriada Número de inventario Total de préstamos Signatura topográfica completa Código de barras Visto por última vez Precio de reemplazo Tipo de ítem Koha
    Clasificación Decimal Dewey 2016     Revistas Biblioteca LadoV Biblioteca LadoV 31/05/2023 6 002853   709.05 V152t 002853 31/05/2023 31/05/2023 Libros